000 00486nam a2200157Ia 4500
003 OSt
005 20200624140645.0
008 190216s9999||||xx |||||||||||||| ||und||
040 _coclc
082 _a954.9043
_bGAN/H
100 _aGankovsky, Y V
_93190
245 0 _aA History Of Pakistan /
_cY V Gankovsky ; L R Gordon Polonskaya
260 _bNauka Publishing House,
_c1964.
_aMoscow:
300 _a335p
942 _cBK
_2ddc
_h954.9043
_iGAN/H
_k954.9043
_mGAN/H
999 _c18746
_d18746